Nové partnerstvá a obchodná spolupráca EÚ v 21. storočí-výzva pre Slovensko po vstupe do EÚ 25
Salvato in:
| Autore principale: | |
|---|---|
| Altri autori: | , |
| Natura: | Capitolo di libro |
| Lingua: | slovacco |
| Tags: |
Nessun Tag, puoi essere il primo ad aggiungerne!!
|
MARC
| LEADER | 00000naa$a2200000$$$4500 | ||
|---|---|---|---|
| 001 | 0061478 | ||
| 005 | 20240502071706.0 | ||
| 041 | 0 | |a slo | |
| 044 | |a SK | ||
| 245 | 1 | 0 | |a Nové partnerstvá a obchodná spolupráca EÚ v 21. storočí-výzva pre Slovensko po vstupe do EÚ 25 |c Igor Kosír, Daniela Račková, Boris Adamovič |
| 100 | 1 | |a Kosír, Igor | |
| 700 | 1 | |a Račková, Daniela | |
| 700 | 1 | |a Adamovič, Boris | |